Understanding Canadian Business, (Record no. 5215)

MARC details
005 - DATE AND TIME OF LATEST TRANSACTION
control field 20250626072820.0
020 ## - INTERNATIONAL STANDARD BOOK NUMBER
International Standard Book Number 0-256-10800-5
082 ## - DEWEY DECIMAL CLASSIFICATION NUMBER
Classification number 658 NIC
100 ## - MAIN ENTRY--PERSONAL NAME
Author name NICKELS, W. G
245 ## - TITLE STATEMENT
Title Understanding Canadian Business,
260 ## - PUBLICATION, DISTRIBUTION, ETC.
Place of publication, distribution, etc. Mumbai,
Name of publisher, distributor, etc. India,
Date of publication, distribution, etc. 1994.
300 ## - PHYSICAL DESCRIPTION
Extent xxii,;643p,; ill,; picture,
Other physical details Glossary & Index,
Dimensions 26cm.
700 ## - ADDED ENTRY--PERSONAL NAME
Other authors/Editors McHUGH, J. M, McHUGH, S. M & BERMAN, P. D.
942 ## - ADDED ENTRY ELEMENTS (KOHA)
Source of classification or shelving scheme Dewey Decimal Classification
Koha item type Books
Holdings
Date last seen Total checkouts Full call number Barcode Cost, replacement price Price effective from Koha item type Lost status Source of classification or shelving scheme Damaged status Not for loan Withdrawn status Home library Current library Shelving location Date acquired Cost, normal purchase price
06/26/2025   658NIC DOM0002218 135000.00 06/26/2025 Books   Dewey Decimal Classification       CBE Dodoma CBE Dodoma General Collection 06/26/2002 45000.00
06/26/2025   658NIC DOM0002017 135000.00 06/26/2025 Books   Dewey Decimal Classification       CBE Dodoma CBE Dodoma General Collection 06/26/2002 45000.00
06/26/2025   658NIC DOM0002216 135000.00 06/26/2025 Books   Dewey Decimal Classification       CBE Dodoma CBE Dodoma General Collection 06/26/2002 45000.00
06/27/2025   658 NIC DOM0002051 135000.00 06/27/2025 Books   Dewey Decimal Classification       CBE Dodoma CBE Dodoma General Collection 06/26/2002 45000.00
06/28/2025   658NIC DOM0004196 135000.00 06/28/2025 Books   Dewey Decimal Classification       CBE Dodoma CBE Dodoma General Collection 06/24/2002 45000.00
06/28/2025   658 NIC DOM0002314 135000.00 06/28/2025 Books   Dewey Decimal Classification       CBE Dodoma CBE Dodoma General Collection 06/24/2002 45000.00